000 00658nam a22002057a 4500
003 LK-CoMWRAF
008 240120b1987 |||||||| |||| 00| 0 eng d
040 _aLK-CoMWRAF
_dLK-CoMWRAF
_eLK-CoMWRAF
041 _aeng
082 _a305.42
_bEVA
111 _aEVALUATION OF SOCIO-ECONOMIC AND POLITICAL STATUS OF WOMEN IN BANGLADESH
_c(Bangladesh, Dhaka;
_d16th-17th April, 1987)
245 _aNational seminar '87
260 _aDhaka:
_bBela Nabi,
_c1987
300 _a[107 p.]
650 _aWOMEN-Social status-Bangladesh
650 _aWOMEN-Economic status-Bangladesh
700 _aAkanda, Latifa
_eed.
700 _aIslam, Meherunnessa
_eed.
942 _cCP
999 _c4657
_d4657